000 00734nam a22002177a 4500
005 20251108165444.0
008 250721s1975 xx 000 0 ara d
082 1 4 _aم/811.509/جلو
100 1 _aبلس، جلول
245 1 0 _aالموشحات و الأزجال :
_bبطايحي,درج حسني,درج غريب /
264 1 _aالجزائر :
_bالشركة الوطنية للنشر،
_c1975.
300 _a
490 0 _aالتراث الغنائي الجزائري
650 1 7 _aالأدب العربي
650 1 7 _aالعصر الأندلسي
650 1 7 _aالنقد الأدبي
650 1 7 _aالتاريخ الأدبي
700 1 _aأمقران، الحفناوي
942 _2ddc
_cREF
999 _c28363
_d28363